Normal view
MARC view
Entry Personal Name
001 - CONTROL NUMBER
- control field: 1044
003 - CONTROL NUMBER IDENTIFIER
- control field: OSt
005 - DATE AND TIME OF LATEST TRANSACTION
- control field: 20250708162734.0
008 - FIXED-LENGTH DATA ELEMENTS
- fixed length control field: 250708|| aca||aabn | a|a d
040 ## - CATALOGING SOURCE
- Original cataloging agency: OSt
- Transcribing agency: OSt
100 ## - HEADING--PERSONAL NAME
- Personal name: Madhuri S and Keerthi GS
670 ## - SOURCE DATA FOUND
- Source citation: Work cat.: (OSt)20632: Madhuri S and Keerthi GS, Effect of yoga nidra on stress management and work life balance on advocates: A Randomized control study, 2025